000 00356nam a2200157Ia 4500
003 Ost
005 20260225132547.0
008 260225s9999||||xx |||||||||||||| ||und||
040 _cfsic
041 _afre
082 _a440
100 _aLe Roy Ladurie
_eAuteur
245 0 _aLe térritoire de l'histoire /
245 0 _cLe Roy Ladurie
942 _cكتاب
999 _c33895
_d33895